00538nam a2200193Ia 4500999001500000003000400015005001700019008004100036020001800077040000900095082001800104100003000122245006900152250001200221260004700233300000900280650001300289942004200302 c5987d5987OSt20200120153206.0190216s9999||||xx |||||||||||||| ||und|| a9780071006903 coclc a658.45bBOV/B a Bovee, Courtland L91327 0aBusiness Communication Today /cCourtland L Bovee ; John V Thill a2nd ed. bMcGraw Hill Publishers,c1989.aNew Delhi: a680p aBusiness cBK2ddch658.45iBOV/Bk658.45mBOV/B